One of Us is Lying /

Sparad:
Bibliografiska uppgifter
Huvudupphov: McManus, Karen M. (autor)
Materialtyp: Bok
Språk:engelska
Utgiven: Nueva York, EUA : Delacorte, 2023, c2017
Ämnen:
Taggar: Lägg till en tagg
Inga taggar, Lägg till första taggen!

MARC

LEADER 00000nam^a2200000^a^4500
001 000588703
005 20250521000000.0
009 20260310132834.406
020 |a 978-1-5247-1475-8 
037 |a Acervo ITESO - Biblioteca 
041 |a ING 
082 |a 813.  |b MCM 
100 |a McManus, Karen M.  |e (autor) 
240 1 1 |a [Uno de nosotros miente] 
245 1 0 |a One of Us is Lying /  |c K.M. McManus. 
264 4 |a Nueva York, EUA :  |b Delacorte,  |c 2023, c2017 
300 |a 371, [32] p. 
336 |a texto  |b txt  |2 rdacontenido 
337 |a sin mediación  |b n  |2 rdamedio 
338 |a volumen  |b nc  |2 rdasoporte 
649 |a XX 
650 |a Estudiantes en la Literatura 
650 |a Jóvenes en la Literatura 
650 |a Novela Norteamericana 
650 |a Literatura Norteamericana -  |y Siglo XXI 
650 |a Literatura Policíaca y de Misterio -  |z EUA 
650 |a Literatura de Mujeres -  |z EUA 
650 |a Asesinato en la Literatura 
650 |a Investigación del Delito en la Literatura 
650 |a Chismorreo en la Literatura 
650 |a Comunicación Personal en la Literatura 
650 |a Redes Sociales (Internet) en la Literatura 
910 |a Fondo General 
920 |a Impresos - Libros 
930 |a Colección General 
940 |a Literatura 
905 |a 101 
901 |a 0500338166  |b IT1  |c LIT  |i C187060  |u 20250521 
902 |a https://opac.biblio.iteso.mx/vufind/Record/000588703